[Event "GBR-ch79"]
[Site "Plymouth"]
[Date "1992.08.06"]
[Round "4.1"]
[White "Hodgson, Julian M"]
[Black "Mestel, A Jonathan"]
[Result "1/2-1/2"]
[WhiteElo "2555"]
[BlackElo "2510"]
[Annotator "Bulletin"]
[PlyCount "79"]
[EventDate "1992.08.03"]
[EventType "swiss"]
[EventRounds "11"]
[EventCountry "GBR"]
[SourceTitle "BritBase"]
[Source "John Saunders"]
[SourceDate "2020.10.09"]
[SourceVersion "1"]
[SourceVersionDate "2020.10.09"]
[SourceQuality "1"]

1. e4 c6 2. d3 {[ A good choice since Julian plays the Caro as well and is
therefore less likely to take on the main lines ]} d5 3. Nd2 e5 4. Ngf3 Bd6 5.
g3 Nf6 6. Bg2 O-O 7. O-O Re8 8. h3 {[ This seems a bit ponderous, 8.Re1 seems
more to the point ]} Nbd7 9. Re1 Nf8 10. Nh4 Ng6 11. Nf5 Bxf5 $5 {[ 11..Bf8
was the 'normal' move, the commentary room thought White might start a
kingside pawn roller now. ]} 12. exf5 Nf8 13. Nf1 Qb6 14. Ne3 {[ 14.g4 h6 15.
Ng3 looks better then White can force through h4 and g5. Now Black prevents
this ]} Rad8 15. g4 h6 16. h4 N8h7 17. g5 $2 {[ This ruins White's position,
and should have lost him the game ]} hxg5 18. hxg5 Nxg5 19. Nxd5 Nxd5 20. Bxg5
Be7 {[ White is now going to be left with a very bad bishop ]} 21. Qg4 $5 {
[ The commentary room thought this was pure bluff, and so it was! ]} Bxg5 22.
Qxg5 Rd6 $1 $17 23. Re4 {[ This was really trying it on ]} Qd8 $2 {[ The bluff
works ! ]} (23... Qxb2 24. Rae1 (24. Rg4 Qxa1+ 25. Bf1 e4 $19) 24... Nf6 25.
Rh4 Nh7 26. Qh5 Rh6 $19 {[ Commentary room ]}) 24. Qxd8 Rdxd8 25. Rae1 {
[ Now White gets so much play he can overcome his structural weaknesses ]} f6
26. d4 Nf4 27. Bf1 Kf8 28. dxe5 Rxe5 29. Rxe5 fxe5 30. Rxe5 Rd4 31. f3 Kf7 32.
Kf2 Kf6 33. Ra5 Rd7 34. Rxa7 Kxf5 35. Ba6 Rd2+ 36. Ke3 Rxc2 37. Rxb7 g5 $2 (
37... c5 $1 {[ /\ Ng2+ Kd3 Ne1+ with a draw ]}) 38. a4 $2 (38. Bd3+ Nxd3 39.
Kxd3 $16) 38... Ke5 39. Bf1 $4 c5 $4 {[#]} (39... Nd5+ $1 40. Kd3 Rf2 $19 {
[ Mestel ]}) 40. Re7+ 1/2-1/2

[Event "GBR-ch79"]
[Site "Plymouth"]
[Date "1992.08.06"]
[Round "4.2"]
[White "Rossiter, Philip J"]
[Black "Hebden, Mark L"]
[Result "0-1"]
[WhiteElo "2280"]
[BlackElo "2510"]
[Annotator "Bulletin"]
[PlyCount "100"]
[EventDate "1992.08.03"]
[EventType "swiss"]
[EventRounds "11"]
[EventCountry "GBR"]
[SourceTitle "BritBase"]
[Source "John Saunders"]
[SourceDate "2020.10.09"]
[SourceVersion "1"]
[SourceVersionDate "2020.10.09"]
[SourceQuality "1"]

1. Nf3 Nf6 2. c4 g6 3. d4 Bg7 4. Nc3 O-O 5. e4 d6 6. Be2 e5 7. d5 a5 8. Bg5 h6
9. Bh4 Na6 10. Nd2 h5 $5 {[ A little unusual, Black usually plays Bd7 or Qe8
first. Why now tries to take advantage of this ]} 11. Bg5 Qe8 12. f3 Bd7 13.
Be3 Nh7 14. Bd3 $6 {[/\ 0-0-0 ]} (14. a3 a4 $6 15. Nb5 $1 $16) 14... Qe7 15.
Qe2 Bf6 16. O-O-O Bg5 17. h4 Bxe3 18. Qxe3 Nc5 $15 19. Be2 {[ /\ g4 ]} f5 20.
Rdg1 $2 (20. exf5 $1 $13) 20... f4 $17 21. Qf2 Kh8 22. Kc2 c6 23. Kb1 {[ White
was already in time trouble ]} a4 24. g3 fxg3 25. Rxg3 Be8 26. Qe3 Rf4 27. Rgh3
Bd7 28. R3h2 Qd8 29. Bd1 Qa5 30. Rg1 Rg8 31. Ne2 Rf6 32. Rhg2 cxd5 33. cxd5 Bb5
34. Nc3 Bd3+ 35. Bc2 Qa6 36. Bxd3 Nxd3 37. Rh2 a3 38. b3 Rc8 39. Nc4 Nf4 40.
Rc2 Rcf8 41. Rg3 (41. Qb6 $1 $13 {[ Commentary room x a3 d6 ]}) 41... b5 42.
Nb6 b4 43. Nd7 bxc3 44. Nxf6 Nxf6 45. Rg1 Nd7 46. Rxg6 Qf1+ 47. Rc1 c2+ 48. Ka1
Qe2 49. Rcg1 {[#]} Qd1+ 50. Qc1 Qd4+ 0-1

[Event "GBR-ch79"]
[Site "Plymouth"]
[Date "1992.08.06"]
[Round "4.3"]
[White "Martin, Andrew D"]
[Black "Mortazavi, Ali"]
[Result "1-0"]
[WhiteElo "2420"]
[BlackElo "2320"]
[Annotator "Bulletin"]
[PlyCount "77"]
[EventDate "1992.08.03"]
[EventType "swiss"]
[EventRounds "11"]
[EventCountry "GBR"]
[SourceTitle "BritBase"]
[Source "John Saunders"]
[SourceDate "2020.10.09"]
[SourceVersion "1"]
[SourceVersionDate "2020.10.09"]
[SourceQuality "1"]

1. Nf3 c5 2. e4 e6 3. d4 cxd4 4. Nxd4 a6 5. Nc3 Qc7 6. Be2 b5 7. O-O Bb7 8. Bf3
d6 9. a4 (9. Re1 Nf6 10. a4 b4 11. Nd5 $5) 9... b4 10. Na2 Nf6 11. Re1 Be7 12.
Bd2 $1 $16 {[ x b4 b5 ]} a5 13. c3 bxc3 14. Nxc3 O-O 15. Ndb5 Qd7 16. Bf4 Rd8
17. Rc1 (17. Nxd6 Bxd6 18. e5 (18. Bxd6 Qxd6 19. Qxd6 Rxd6 20. e5 Bxf3 $1)
18... Be7 $1) 17... Nc6 $2 (17... Na6 $1 {[ Commentary room x c7 ]} 18. Rc2 Nb4
19. Rd2 $16 {[ Martin ]}) 18. Nd5 $1 $16 {[#]} exd5 19. exd5 Ne5 20. Bxe5 dxe5
21. Rc7 Qf5 22. Rxe7 e4 (22... Bxd5 23. R7xe5 Bxf3 24. Qxd8+ $18) 23. Bxe4 Nxe4
24. R7xe4 Qxd5 25. Qxd5 Bxd5 26. Re7 Bb3 27. Nc3 g6 28. h3 Be6 29. Rb7 Rd4 30.
Re5 Bd7 31. Rd5 $1 $18 Rxd5 32. Nxd5 Be8 33. b3 Kg7 34. Nb6 Rd8 35. Nc4 Rd1+
36. Kh2 Kf6 37. Nxa5 Rd2 38. Nc4 Rxf2 39. Nd6 1-0

[Event "GBR-ch79"]
[Site "Plymouth"]
[Date "1992.08.06"]
[Round "4.4"]
[White "Basman, Michael J"]
[Black "Small, Simon"]
[Result "1-0"]
[WhiteElo "2365"]
[BlackElo "2245"]
[Annotator "Bulletin"]
[PlyCount "89"]
[EventDate "1992.08.03"]
[EventType "swiss"]
[EventRounds "11"]
[EventCountry "GBR"]
[SourceTitle "BritBase"]
[Source "John Saunders"]
[SourceDate "2020.10.09"]
[SourceVersion "1"]
[SourceVersionDate "2020.10.09"]
[SourceQuality "1"]

1. h3 d5 2. a3 e5 3. c4 c6 4. cxd5 cxd5 5. d3 Bd6 6. Nc3 Ne7 7. g4 O-O 8. Bg2
Be6 9. Nf3 f6 10. Nh4 Nbc6 11. Nf5 Bc7 (11... Nxf5 12. gxf5 Bxf5 13. Bxd5+ Kh8
{[ Is fine for Black - comentary room ]}) 12. Bd2 Bf7 $6 13. Rc1 Nxf5 14. gxf5
Nd4 15. Rg1 Kh8 16. Nxd5 Bd6 17. e3 Nxf5 18. Qg4 Nh6 19. Qf3 f5 $1 20. Bh1 Bg6
21. Bc3 Rf7 22. Qg3 f4 $1 23. Qg5 f3 $2 (23... fxe3 24. Qxd8+ Rxd8 25. fxe3
Bxd3 $15) 24. Qxd8+ Rxd8 25. e4 $1 $16 {[ x f3 e5 ]} Ng8 26. Rg3 Nf6 27. Nxf6
gxf6 28. Bxf3 Bc5 29. Be2 Bd4 30. Bxd4 Rxd4 31. Rc8+ Kg7 32. h4 Rf8 33. Rc7+ $1
Kh8 {[ 33..Rf7 34.Rxf7+ wins a piece ]} 34. h5 Bf7 35. Rxb7 a5 36. Kd2 a4 37.
Bg4 Bg8 38. Bf5 Rfd8 39. Ke2 R4d6 40. h6 Rd4 41. Kd2 R4d6 42. Ke2 Rd4 43. Ra7
Rb8 44. Kf1 Rbd8 45. Kg2 1-0

[Event "GBR-ch79"]
[Site "Plymouth"]
[Date "1992.08.06"]
[Round "4.6"]
[White "Ledger, Andrew"]
[Black "Emms, John M"]
[Result "0-1"]
[WhiteElo "2335"]
[BlackElo "2455"]
[PlyCount "80"]
[EventDate "1992.08.03"]
[EventType "swiss"]
[EventRounds "11"]
[EventCountry "GBR"]
[SourceTitle "BritBase"]
[Source "John Saunders"]
[SourceDate "2020.10.09"]
[SourceVersion "1"]
[SourceVersionDate "2020.10.09"]
[SourceQuality "1"]

1. c4 c5 2. Nc3 Nf6 3. g3 d5 4. cxd5 Nxd5 5. Bg2 Nc7 6. Nf3 Nc6 7. O-O e5 8.
Ne1 Bf5 9. Qa4 Qd7 10. d3 Be7 11. Be3 O-O 12. Bxc6 bxc6 13. Nf3 f6 14. Ne4 Rfb8
15. Nxc5 Bxc5 16. Bxc5 Rxb2 17. Rfe1 Bg4 18. Rab1 Rxe2 $1 {[#]} 19. Rxe2 Bxf3
20. Re3 Bd5 21. Kf1 Qh3+ 22. Ke2 Ne6 23. Qb4 a5 24. Qc3 Qh5+ 25. Kd2 Qxh2 26.
Ree1 a4 27. Rb4 h6 28. a3 Kh7 29. Kc1 Qg2 30. Be3 Qf3 31. Kb2 Bb3 32. Rc1 c5
33. Rb6 Rd8 34. Re1 Rd7 35. Ka1 Nd4 36. Rc1 Ne2 37. Qxc5 Nxc1 38. Qxc1 Rxd3 39.
Qb1 e4 40. Rc6 Qe2 0-1

[Event "GBR-ch79"]
[Site "Plymouth"]
[Date "1992.08.06"]
[Round "4.7"]
[White "Levitt, Jonathan"]
[Black "Bibby, Simon"]
[Result "1/2-1/2"]
[WhiteElo "2455"]
[BlackElo "2285"]
[PlyCount "66"]
[EventDate "1992.08.03"]
[EventType "swiss"]
[EventRounds "11"]
[EventCountry "GBR"]
[SourceTitle "BritBase"]
[Source "John Saunders"]
[SourceDate "2020.10.09"]
[SourceVersion "1"]
[SourceVersionDate "2020.10.09"]
[SourceQuality "1"]

1. d4 Nf6 2. c4 d6 3. Nc3 g6 4. e4 Bg7 5. f3 O-O 6. Be3 e5 7. d5 c6 8. Bd3 cxd5
9. cxd5 Nbd7 10. Nge2 Nh5 11. O-O f5 12. exf5 gxf5 13. Rc1 a6 14. Bb1 Ndf6 15.
Na4 e4 16. Nb6 Rb8 17. Nxc8 Rxc8 18. Qd2 Rxc1 19. Rxc1 Qe7 20. fxe4 Ng4 21. h3
Nxe3 22. Qxe3 f4 23. Qf3 Qe5 24. Rd1 Ng3 25. Nd4 Qxd4+ 26. Rxd4 Bxd4+ 27. Kh2
h5 28. e5 Rc8 29. Qxf4 Bxe5 30. Qg5+ Kf8 31. Qh6+ Ke7 32. Kg1 Bd4+ 33. Kh2 Nf1+
1/2-1/2

[Event "GBR-ch79"]
[Site "Plymouth"]
[Date "1992.08.06"]
[Round "4.8"]
[White "Webster, Andrew"]
[Black "Ward, Christopher R"]
[Result "1-0"]
[WhiteElo "2330"]
[BlackElo "2440"]
[PlyCount "61"]
[EventDate "1992.08.03"]
[EventType "swiss"]
[EventRounds "11"]
[EventCountry "GBR"]
[SourceTitle "BritBase"]
[Source "John Saunders"]
[SourceDate "2020.10.09"]
[SourceVersion "1"]
[SourceVersionDate "2020.10.09"]
[SourceQuality "1"]

1. c4 c5 2. g3 g6 3. Bg2 Bg7 4. e3 h5 5. h3 Nc6 6. Nc3 d6 7. Nge2 Nh6 8. e4 e5
9. a3 f5 10. d3 h4 11. exf5 gxf5 12. g4 fxg4 13. Ne4 gxh3 14. Bxh3 Bxh3 15.
Rxh3 Nf7 16. Be3 Qd7 17. Rh1 O-O-O 18. N2c3 Nd4 19. b4 Bh6 20. Nd5 Kb8 21. Rb1
cxb4 22. axb4 Qf5 23. Kd2 Bxe3+ {[#]} 24. fxe3 Nf3+ 25. Kc3 N7g5 26. Nxg5 Nxg5
27. Ra1 b5 28. Ra5 Qd7 29. Rxb5+ Ka8 30. Qa4 Qh7 31. Ra1 1-0

[Event "GBR-ch79"]
[Site "Plymouth"]
[Date "1992.08.06"]
[Round "4.9"]
[White "Hennigan, Michael T"]
[Black "James, David J"]
[Result "1-0"]
[WhiteElo "2400"]
[BlackElo "2300"]
[PlyCount "55"]
[EventDate "1992.08.03"]
[EventType "swiss"]
[EventRounds "11"]
[EventCountry "GBR"]
[SourceTitle "BritBase"]
[Source "John Saunders"]
[SourceDate "2020.10.09"]
[SourceVersion "1"]
[SourceVersionDate "2020.10.09"]
[SourceQuality "1"]

1. e4 c5 2. Nf3 d6 3. d4 cxd4 4. Nxd4 Nf6 5. Nc3 a6 6. Bd3 e5 7. Nf3 Be7 8. Bc4
Nc6 9. Bg5 Be6 10. Bb3 Nd7 11. Qd2 Bxg5 12. Nxg5 Bxb3 13. axb3 Nb6 14. O-O Nd4
15. f4 O-O 16. Rad1 Qe7 17. Nf3 Nxf3+ 18. Rxf3 Rad8 19. Rd3 exf4 20. Rxd6 Rxd6
21. Qxd6 Qxd6 22. Rxd6 Nc8 23. Rd7 b6 24. Nd5 g5 25. e5 Kg7 26. e6 Kg6 27. e7
Re8 28. Rd8 1-0

[Event "GBR-ch79"]
[Site "Plymouth"]
[Date "1992.08.06"]
[Round "4.10"]
[White "Summerscale, Aaron"]
[Black "Lalic, Susan"]
[Result "1-0"]
[WhiteElo "2305"]
[BlackElo "2335"]
[PlyCount "70"]
[EventDate "1992.08.03"]
[EventType "swiss"]
[EventRounds "11"]
[EventCountry "GBR"]
[SourceTitle "BritBase"]
[Source "John Saunders"]
[SourceDate "2020.10.09"]
[SourceVersion "1"]
[SourceVersionDate "2020.10.09"]
[SourceQuality "1"]

1. Nf3 c5 2. c3 d5 3. d4 cxd4 4. cxd4 g6 5. Nc3 Bg7 6. Bg5 Nc6 7. e3 Nf6 8. Qb3
e6 9. Be2 Qa5 10. Rc1 Ne4 11. Bf4 O-O 12. O-O f5 13. Rc2 g5 14. Nxg5 Nxg5 15.
Bxg5 Bxd4 16. Bb5 Bf6 17. Bxf6 Rxf6 18. Bxc6 bxc6 19. Rfc1 Bd7 20. Na4 Raf8 21.
Nc5 Be8 22. Nd3 Qd8 23. Ne5 f4 24. Nxc6 Qd6 25. Nxa7 fxe3 26. Qxe3 e5 27. Nc8
Qe6 28. Qc5 Kh8 29. Qe7 Qf5 30. Nd6 Qg6 31. Qxe5 Rg8 32. g3 h5 33. Nxe8 Rxe8
34. Rc8 Rxc8 35. Rxc8+ Kh7 1-0

[Event "GBR-ch79"]
[Site "Plymouth"]
[Date "1992.08.06"]
[Round "4.11"]
[White "Arkell, Keith C"]
[Black "Ansell, Simon"]
[Result "1-0"]
[WhiteElo "2460"]
[BlackElo "2305"]
[PlyCount "81"]
[EventDate "1992.08.03"]
[EventType "swiss"]
[EventRounds "11"]
[EventCountry "GBR"]
[SourceTitle "BritBase"]
[Source "John Saunders"]
[SourceDate "2020.10.09"]
[SourceVersion "1"]
[SourceVersionDate "2020.10.09"]
[SourceQuality "1"]

1. d4 Nf6 2. Nf3 c5 3. d5 g6 4. Nc3 Bg7 5. e4 O-O 6. Bd3 d6 7. h3 Na6 8. O-O
Nc7 9. a4 Rb8 10. Bg5 a6 11. Qe2 b6 12. Rfd1 Nd7 13. Rab1 Ne5 14. Nxe5 Bxe5 15.
f4 Bg7 16. e5 f6 17. exf6 exf6 18. Bh4 Bd7 19. f5 c4 20. Be4 gxf5 21. Bf3 b5
22. axb5 axb5 23. Qf2 Be8 24. Ne2 Qd7 25. Nd4 Bf7 26. Nc6 Rbe8 27. Qa7 Kh8 28.
b3 Ra8 29. Qd4 cxb3 30. cxb3 Bg8 31. Re1 Rae8 32. Qa7 Qf7 33. Nb4 Bh6 34. Qd4
Re5 35. Bg3 f4 36. Bxf4 Bxf4 37. Qxf4 Rfe8 38. Rec1 Qg6 39. Nd3 Rxd5 40. Rxc7
Rxd3 41. Bh5 1-0

[Event "GBR-ch79"]
[Site "Plymouth"]
[Date "1992.08.06"]
[Round "4.12"]
[White "Merriman, John"]
[Black "Kumaran, Dharshan"]
[Result "0-1"]
[WhiteElo "2235"]
[BlackElo "2380"]
[PlyCount "100"]
[EventDate "1992.08.03"]
[EventType "swiss"]
[EventRounds "11"]
[EventCountry "GBR"]
[SourceTitle "BritBase"]
[Source "John Saunders"]
[SourceDate "2020.10.09"]
[SourceVersion "1"]
[SourceVersionDate "2020.10.09"]
[SourceQuality "1"]

1. d4 Nf6 2. c4 c5 3. d5 b5 4. cxb5 a6 5. bxa6 g6 6. Nc3 Bxa6 7. f4 Bg7 8. Nf3
Qa5 9. Bd2 O-O 10. e4 d6 11. Bxa6 Qxa6 12. Qe2 Nbd7 13. Qxa6 Rxa6 14. O-O Rb8
15. Rab1 Ne8 16. Rfe1 Nc7 17. Rec1 f5 18. exf5 gxf5 19. Nh4 Rf8 20. Re1 Rf7 21.
Ne2 Nxd5 22. Ng3 Rxa2 23. Nhxf5 Bf8 24. Rbd1 Ra6 25. Bc1 Nc7 26. Nh4 Rb6 27.
Rd3 c4 28. Rd4 d5 29. f5 Bg7 30. Rg4 Nf6 31. Rf4 Bh6 32. Rf2 Bxc1 33. Rxc1 Na6
34. Nf3 Nc5 35. Ne5 Rf8 36. Re2 Rfb8 37. Nf3 Nd3 38. Rf1 R8b7 39. Re6 Rxb2 40.
Nd4 Ra2 41. Nge2 Ra8 42. h3 Rc8 43. g4 Ne4 44. Nc6 Kf7 45. Ned4 Ndc5 46. Re5
Rd7 47. Nb4 Nd3 48. Nxd3 cxd3 49. Rd1 d2 50. Nb3 Rc3 0-1

[Event "GBR-ch79"]
[Site "Plymouth"]
[Date "1992.08.06"]
[Round "4.15"]
[White "Willmoth, Robert"]
[Black "Britton, Richard"]
[Result "1-0"]
[WhiteElo "2215"]
[BlackElo "2275"]
[Annotator "Bulletin"]
[PlyCount "83"]
[EventDate "1992.08.03"]
[EventType "swiss"]
[EventRounds "11"]
[EventCountry "GBR"]
[SourceTitle "BritBase"]
[Source "John Saunders"]
[SourceDate "2020.10.09"]
[SourceVersion "1"]
[SourceVersionDate "2020.10.09"]
[SourceQuality "1"]

1. e4 c5 2. Nf3 d6 3. d4 cxd4 4. Nxd4 Nf6 5. Nc3 a6 6. g3 e5 7. Nde2 Be7 8. Bg2
Nbd7 9. O-O b5 10. Nd5 Nxd5 11. Qxd5 Qc7 12. Be3 (12. Qxa8 Nb6 $19) 12... Bb7
13. Qd3 Rc8 14. Rac1 O-O 15. Rfd1 Nc5 16. Bxc5 Qxc5 17. c3 g6 18. Rc2 Qb6 19.
Nc1 Rc4 20. Nb3 Ra4 21. a3 f5 22. exf5 Bxg2 23. Kxg2 gxf5 24. Qd5+ Kg7 25. Nd2
Rg4 26. Nf3 Rg6 27. Re2 Qc7 28. Rdd2 Kh8 29. Rc2 f4 30. c4 Rgf6 31. cxb5 Qd7
32. Rc3 fxg3 33. fxg3 Rh6 34. b6 Qh3+ 35. Kg1 Bd8 36. Rb3 Rhf6 37. Rf2 e4 38.
Qxe4 Re6 39. Ng5 Bxg5 40. Rxf8+ Kg7 41. Qg2 Qh5 42. Qf3 1-0

[Event "GBR-ch79"]
[Site "Plymouth"]
[Date "1992.08.06"]
[Round "4.21"]
[White "Ryan, Joseph"]
[Black "Smith, Andrew Philip"]
[Result "1-0"]
[WhiteElo "2275"]
[BlackElo "2240"]
[PlyCount "91"]
[EventDate "1992.08.03"]
[EventType "swiss"]
[EventRounds "11"]
[EventCountry "GBR"]
[SourceTitle "BritBase"]
[Source "John Saunders"]
[SourceDate "2020.10.09"]
[SourceVersion "1"]
[SourceVersionDate "2020.10.09"]
[SourceQuality "1"]

1. e4 c5 2. Nf3 e6 3. d4 cxd4 4. Nxd4 Nf6 5. Nc3 d6 6. Be3 a6 7. f3 b5 8. g4
Bb7 9. g5 Nfd7 10. Qd2 Nb6 11. Bd3 N8d7 12. O-O-O Ne5 13. f4 Nbc4 14. Bxc4 Nxc4
15. Qd3 Nxe3 16. Qxe3 Qb6 17. Qh3 b4 18. Na4 Qa5 19. b3 Bxe4 20. Rhe1 Bd5 21.
g6 Be7 22. gxf7+ Kxf7 23. Nxe6 g6 24. Ng5+ Bxg5 25. Qd7+ Kg8 26. fxg5 Bf7 27.
h4 Kg7 28. Qxd6 Rhe8 29. Qf6+ Kg8 30. Rxe8+ Rxe8 31. Rd7 Rf8 32. Nb6 Qf5 33.
Qd4 Re8 34. Nd5 Re1+ 35. Kb2 Qe5 36. Qxe5 Rxe5 37. Nf6+ Kg7 38. Nxh7 Re4 39.
Nf6 Rxh4 40. Ra7 Rh2 41. Rxa6 Rg2 42. Ra5 Be6 43. Ra7+ Bf7 44. Ne4 Kf8 45. Rb7
Be6 46. Rxb4 1-0

[Event "GBR-ch79"]
[Site "Plymouth"]
[Date "1992.08.07"]
[Round "5.1"]
[White "Hebden, Mark L"]
[Black "Hodgson, Julian M"]
[Result "1/2-1/2"]
[WhiteElo "2510"]
[BlackElo "2555"]
[Annotator "Bulletin"]
[PlyCount "117"]
[EventDate "1992.08.03"]
[EventType "swiss"]
[EventRounds "11"]
[EventCountry "GBR"]
[SourceTitle "BritBase"]
[Source "John Saunders"]
[SourceDate "2020.10.09"]
[SourceVersion "1"]
[SourceVersionDate "2020.10.09"]
[SourceQuality "1"]

1. d4 Nf6 2. Nf3 g6 3. c4 c5 4. e3 Bg7 5. Nc3 O-O 6. Be2 d5 7. O-O Nc6 8. h3
cxd4 9. exd4 dxc4 10. Bxc4 Na5 11. Be2 Be6 12. Re1 Rc8 {[ Black is already at
least equal ]} 13. Bg5 h6 14. Bh4 Nd5 (14... Bc4 15. Rc1 Bxe2 16. Qxe2 Re8 $10)
(14... Nc4 15. Na4 Nd6 16. Nc5 Bd5 $15 {[ /\ Nf5 ]}) 15. Rc1 Nxc3 16. bxc3 Bf6
$2 {[ A complete misjudgement, Black was worried about the pressure on e7 but
this was no the way to relieve it. White now gets a passed d pawn and soon, a
clear advantage ]} (16... Re8 17. Bb5 Bd7 $10) (16... Nc4 $10) 17. Bxf6 exf6
18. Qa4 Bc4 19. Bxc4 Rxc4 20. Qa3 b6 21. Re7 $16 Rc7 22. Rxc7 Qxc7 23. c4 {
[ With hindsight it looks like Black's reply should have lost a piece but
maybe not in which case this may not be best ]} Nxc4 $5 {[#]} 24. Qb4 $1 {
[ Missed that (Hodgson) ! ]} (24. Qb3 Rc8 25. Nd2 Nxd2 26. Rxc7 Rxc7 {[
Threatens Rc1+ with a draw and gives Black drawing chances ]}) 24... Rc8 {
[ Black now stays in the game with some miraculous resources. After the game
the players thought Black should have lost a piece but I cannot see it ]} 25.
Nd2 b5 26. Qxb5 Qb6 27. Qa4 Qb2 $1 {[ Only move ]} 28. Qc2 (28. Rxc4 Rxc4 29.
Nxc4 Qc1+ 30. Kh2 Qf4+ 31. Kg1 Qc1+ $10) (28. Nb3 {[ This was thought after
the game to be decisive since it defends c1 ]} Qe2 (28... Nb6 29. Rxc8+ Nxc8
30. Qe8+ $18 {[ The knight guards c1 ]}) 29. d5 (29. Na5 Qd2 $1) (29. Qd7 Qe6))
(28. Rc2 Nb6) 28... Qxc2 29. Rxc2 Nb6 30. Rxc8+ Nxc8 31. Kf1 {[ This ending
looked very good for White but afterwards Mark felt that a c pawn instead of a
d pawn, one file further from the kingside may been winning. In the game the
Black knight manages to cover both sides ]} Kf8 32. Ke2 Ke7 33. Nc4 Kd7 34. Kd3
Kc6 35. Ne3 f5 36. f4 h5 37. h4 f6 38. Kc4 Nd6+ 39. Kb4 Ne4 40. a4 Ng3 41. Kc4
Ne2 42. Nd5 Kd6 43. a5 a6 44. Nb4 Nxf4 45. Nxa6 Nxg2 46. Nb4 Ne3+ 47. Kd3 f4 $1
{[ Now the very real possibility of 3 Black kingside passed pawns forced White
to bale out ]} 48. a6 Kc7 49. d5 Nf5 50. Ke4 f3 51. d6+ $1 $10 Nxd6+ 52. Kxf3
Nf5 53. Nd5+ Kb8 54. Nxf6 Nxh4+ 55. Kf4 Ka7 56. Nxh5 gxh5 57. Kg5 Ng6 58. Kxh5
Kxa6 59. Kxg6 {[#]} 1/2-1/2

[Event "GBR-ch79"]
[Site "Plymouth"]
[Date "1992.08.07"]
[Round "5.3"]
[White "Emms, John M"]
[Black "Martin, Andrew D"]
[Result "1/2-1/2"]
[WhiteElo "2455"]
[BlackElo "2420"]
[PlyCount "29"]
[EventDate "1992.08.03"]
[EventType "swiss"]
[EventRounds "11"]
[EventCountry "GBR"]
[SourceTitle "BritBase"]
[Source "John Saunders"]
[SourceDate "2020.10.09"]
[SourceVersion "1"]
[SourceVersionDate "2020.10.09"]
[SourceQuality "1"]

1. e4 e5 2. Nf3 d6 3. d4 exd4 4. Nxd4 Nf6 5. Nc3 Be7 6. Be2 O-O 7. O-O a6 8. f4
{[ This seems a bit over aggressive ]} c5 9. Nb3 Nc6 10. Bf3 c4 $1 {[#] [
Black uses the b6 g1 diagonal to expand on the queenside and gain the two
bishops ]} 11. Nd2 b5 12. Re1 Nd4 13. Nf1 Nxf3+ 14. Qxf3 b4 15. Nd5 {[ 15..
Nxd5 =/+ ]} 1/2-1/2

[Event "GBR-ch79"]
[Site "Plymouth"]
[Date "1992.08.07"]
[Round "5.4"]
[White "Summerscale, Aaron"]
[Black "Howell, James C"]
[Result "0-1"]
[WhiteElo "2305"]
[BlackElo "2465"]
[PlyCount "108"]
[EventDate "1992.08.03"]
[EventType "swiss"]
[EventRounds "11"]
[EventCountry "GBR"]
[SourceTitle "BritBase"]
[Source "John Saunders"]
[SourceDate "2020.10.09"]
[SourceVersion "1"]
[SourceVersionDate "2020.10.09"]
[SourceQuality "1"]

1. Nf3 f5 2. e4 fxe4 3. Ng5 d5 4. d3 Qd6 5. dxe4 h6 6. Qh5+ g6 7. Qh4 Bg7 8.
Nf3 Bf6 9. Qg3 Qxg3 10. hxg3 dxe4 11. Nfd2 Bf5 12. Nc4 Nc6 13. Nc3 O-O-O 14.
Bd2 Nd4 15. O-O-O h5 16. Ne3 e6 17. Bc4 Ne7 18. Rde1 Nec6 19. a3 Rd7 20. Nb1
Ne5 21. Ba2 Rhd8 22. Rhf1 Kb8 23. Rh1 Ka8 24. Bc3 c5 25. Ba5 b6 26. Bd2 b5 27.
b4 Rc8 28. Bc3 Rdc7 29. Kb2 Nd7 30. Rd1 Nb6 31. Bb3 Rd7 32. bxc5 Rxc5 33. Ka2
Bg7 34. Rd2 Kb7 35. Nxf5 gxf5 36. Rxh5 Nxb3 37. Rxd7+ Nxd7 38. Kxb3 Bxc3 39.
Nxc3 Kc6 40. Rh6 Kd6 41. Ne2 Rc4 42. Kb2 Nc5 43. Rg6 Na4+ 44. Kb3 e3 45. fxe3
Re4 46. Nd4 Rxe3+ 47. c3 Rxc3+ 48. Ka2 Kc5 49. Nxe6+ Kc4 50. Nc7 Rc2+ 51. Kb1
Rxg2 52. Rc6+ Kb3 53. Nxb5 Rg1+ 54. Rc1 Nc3+ $1 {[#]} 0-1

[Event "GBR-ch79"]
[Site "Plymouth"]
[Date "1992.08.07"]
[Round "5.5"]
[White "Hennigan, Michael T"]
[Black "Webster, Andrew"]
[Result "0-1"]
[WhiteElo "2400"]
[BlackElo "2330"]
[Annotator "Bulletin"]
[PlyCount "66"]
[EventDate "1992.08.03"]
[EventType "swiss"]
[EventRounds "11"]
[EventCountry "GBR"]
[SourceTitle "BritBase"]
[Source "John Saunders"]
[SourceDate "2020.10.09"]
[SourceVersion "1"]
[SourceVersionDate "2020.10.09"]
[SourceQuality "1"]

1. Nf3 g6 2. e4 Bg7 3. d4 c6 4. Be2 d5 5. e5 Bg4 6. Nbd2 e6 7. h3 Bxf3 8. Nxf3
Ne7 9. h4 h5 10. Bg5 c5 11. O-O cxd4 12. Qxd4 Qc7 13. Qf4 Nd7 14. Bb5 Nc6 15.
Bxc6 bxc6 16. Rfe1 a5 17. Rac1 O-O 18. c4 Qb7 19. Rc2 Nb6 20. b3 a4 21. Bf6
axb3 22. axb3 Ra7 23. g4 hxg4 24. Nh2 Nd7 25. Nxg4 Qb4 26. Rce2 Rfa8 27. h5 Ra1
28. Qe3 $2 (28. Rxa1 Rxa1+ 29. Kg2 $13) 28... d4 $1 $19 29. Qe4 d3 30. Kg2 dxe2
31. Rxe2 Qxb3 32. hxg6 Qb1 33. gxf7+ Kxf7 0-1